[Event "AUTO-ADV-4910"]
[Site "http://www.queenalice.com/game.php?id=1867382"]
[Date "2025.12.27"]
[Round "1"]
[White "MHRangel"]
[Black "maurice916"]
[Result "1-0"]
[WhiteElo "1716"]
[BlackElo "1828"]

1. d4 d6 2. c4 e5 3. e3 Nf6 4. Nf3 e4 5. Nfd2 Bf5 6. Be2 c6 7. O-O h5 8. Nc3 d5
9. c5 b5 10. b4 Be7 11. a4 bxa4 12. Qxa4 Qc7 13. b5 Bd7 14. b6 Qb7 15. bxa7 Rxa7
16. Qxa7 Qxa7 17. Rxa7 O-O 18. Na4 Re8 19. Nb6 Be6 20. f3 exf3 21. Nxf3 g6 22.
Ne5 Ne4 23. Rc7 Nc3 24. Bd3 Kg7 25. Nxc6 Nxc6 26. Rxc6 Bf6 27. Bd2 Ne4 28. Bxe4
dxe4 29. d5 Bf5 30. d6 Rd8 31. d7 Bxd7 32. Rcxf6 Be6 33. Bc3 Rd3 34. Bd4 Kh7 35.
Rxe6 fxe6 36. Nd7 Kh6 37. Ne5 Rd2 38. c6 Rc2 39. Bb6 Rb2 40. c7 Rc2 41. Nf7+ Kg7
42. Nd6 Rb2 43. c8=Q 1-0

[Event "AUTO-ADV-4910"]
[Site "http://www.queenalice.com/game.php?id=1867383"]
[Date "2025.12.27"]
[Round "1"]
[White "maurice916"]
[Black "MHRangel"]
[Result "0-1"]
[WhiteElo "1839"]
[BlackElo "1806"]

1. Nf3 d5 2. b3 c5 3. Bb2 Nf6 4. e3 Nc6 5. c4 Bg4 6. cxd5 Qxd5 7. Nc3 Bxf3 8.
gxf3 Qg5 9. f4 Qf5 10. Bg2 a6 11. O-O e6 12. Qe2 Bd6 13. d3 O-O 14. Bc1 e5 15.
e4 Qh5 16. fxe5 Qxe2 17. Nxe2 Nxe5 18. Rd1 Rac8 19. Bb2 Rfe8 20. Nc3 b5 21. Nd5
Nxd5 22. exd5 c4 23. dxc4 bxc4 24. f4 Nd3 25. Bd4 Nxf4 26. Bh1 Ne2+ 27. Kg2 Nxd4
28. Rxd4 c3 29. Rc1 a5 30. Rc4 Bb4 31. Kh3 Rxc4 32. bxc4 Re2 33. Rd1 Rd2 34. Rc1
Rxa2 35. Be4 g6 36. Rc2 Ra1 37. d6 Bxd6 38. Rxc3 Re1 39. Bg2 Bc5 40. Rb3 Re3+
41. Rxe3 Bxe3 42. Kg3 a4 43. c5 Bxc5 44. Bd5 a3 45. Kf3 Kg7 46. Kg4 f6 47. h3
h5+ 48. Kf4 Bd6+ 49. Kf3 Kh6 50. Bb3 Kg5 51. Kg2 h4 52. Kf3 f5 53. Ba2 Kf6 54.
Bb3 g5 55. Ba2 Kg6 56. Bb1 Kf6 57. Ba2 Bg3 58. Bb3 Ke5 59. Ba2 Kd4 60. Ke2 Kc3
61. Ke3 Kb2 62. Be6 a2 63. Bxa2 Kxa2 64. Kf3 Kb3 65. Ke3 g4 66. hxg4 fxg4 67.
Ke2 Kc3 68. Ke3 h3 0-1

[Event "AUTO-ADV-4910"]
[Site "http://www.queenalice.com/game.php?id=1867384"]
[Date "2025.12.27"]
[Round "1"]
[White "MHRangel"]
[Black "SGF"]
[Result "1-0"]
[WhiteElo "1640"]
[BlackElo "1799"]

1. d4 e6 2. c4 Qf6 3. Nf3 h6 4. e3 Bb4+ 5. Bd2 a5 6. Be2 Bxd2+ 7. Qxd2 Nc6 8.
O-O Nb4 9. a3 Nc6 10. Nc3 g5 11. d5 Ne5 12. Ne4 Qf5 13. Nc3 Nxc4 14. Bxc4 Ne7
15. Nb5 Kd8 16. d6 cxd6 17. Nxd6 Qf6 18. Nxc8 Rxc8 19. Bb5 Nd5 20. a4 b6 21. e4
Nb4 22. Qxd7# 1-0

[Event "AUTO-ADV-4910"]
[Site "http://www.queenalice.com/game.php?id=1867385"]
[Date "2025.12.27"]
[Round "1"]
[White "SGF"]
[Black "MHRangel"]
[Result "1-0"]
[WhiteElo "1717"]
[BlackElo "1739"]

1. e4 c5 2. Qf3 Nc6 3. c3 d6 4. Bc4 Nf6 5. d3 Bg4 6. Qg3 Qc8 7. h3 Be6 8. Bxe6
Qxe6 9. Ne2 g6 10. Nf4 Qd7 11. a4 Bg7 12. Nd5 O-O 13. Nxf6+ Bxf6 14. h4 Ne5 15.
Bg5 Bg7 16. h5 d5 17. hxg6 fxg6 18. Bh6 Qg4 19. Bxg7 Qxg3 20. fxg3 Kxg7 21. exd5
Nxd3+ 22. Kd2 Nxb2 23. Kc2 Rf2+ 24. Kb3 Rxg2 25. Re1 c4+ 26. Ka3 Nd3 27. Rxe7+
Kg8 28. Rxb7 Rxg3 29. d6 Ne5 30. Re7 Nf7 31. Rc7 Nxd6 32. Kb4 Rd3 33. a5 Rb8+
34. Kc5 Rd1 35. Rxa7 Rc8+ 36. Kb4 h5 37. Rd7 Rd3 38. a6 Rb8+ 39. Ka5 Rd5+ 40.
Ka4 Rbb5 41. Rxd6 Ra5+ 42. Kb4 Rdb5+ 43. Kxc4 Rxa1 44. Kxb5 Rxb1+ 45. Kc6 Rc1
46. Rxg6+ Kh7 47. Rd6 Rxc3+ 48. Kb7 Rb3+ 49. Rb6 Ra3 50. a7 Ra5 51. Ra6 Rb5+ 52.
Kc6 Rf5 53. a8=Q Rf6+ 54. Kc5 1-0

[Event "AUTO-ADV-4911"]
[Site "http://www.queenalice.com/game.php?id=1867612"]
[Date "2026.1.7"]
[Round "1"]
[White "carlitomontana93270"]
[Black "MHRangel"]
[Result "1-0"]
[WhiteElo "1904"]
[BlackElo "1736"]

1. c4 b6 2. d4 Bb7 3. d5 g6 4. Nc3 Bg7 5. Bd2 Nf6 6. g3 O-O 7. Bg2 c6 8. dxc6
Bxc6 9. Nf3 d5 10. cxd5 Nxd5 11. O-O e6 12. Nxd5 Bxd5 13. Qc2 Nd7 14. Bb4 Re8
15. a3 a5 16. Bd2 Nc5 17. Rfd1 Rb8 18. Be3 Rc8 19. Ne1 Ne4 20. Qd3 Nc5 21. Qd2
Nb3 22. Qd3 Nxa1 23. Rxa1 Bc4 24. Qc2 Bd5 25. Qb1 Bc4 26. Bf3 a4 27. Nc2 Bb3 28.
Nb4 f5 29. Nd3 Bc2 30. Qe1 Bxd3 31. exd3 Qxd3 32. Rd1 Qc2 33. Rd2 Qb3 34. Qe2 e5
35. Bd5+ Re6 36. Bxb3 axb3 37. Qd1 Rec6 38. Rd8+ Rxd8 39. Qxd8+ 1-0

[Event "AUTO-ADV-4911"]
[Site "http://www.queenalice.com/game.php?id=1867613"]
[Date "2026.1.7"]
[Round "1"]
[White "MHRangel"]
[Black "carlitomontana93270"]
[Result "1-0"]
[WhiteElo "1756"]
[BlackElo "1865"]

1. d4 e6 2. c4 c5 3. Nf3 cxd4 4. Nxd4 Nc6 5. e3 g6 6. a3 Bg7 7. Bd3 Nf6 8. O-O
O-O 9. Nxc6 bxc6 10. Nc3 d5 11. b4 a6 12. Bb2 e5 13. cxd5 cxd5 14. a4 e4 15. Bc2
Be6 16. b5 axb5 17. Nxb5 Qb6 18. Bd4 Qa6 19. Nc7 Qc6 20. Nxa8 Qxa8 21. a5 Bg4
22. f3 Be6 23. a6 Nd7 24. a7 Bxd4 25. exd4 exf3 26. Qxf3 Nb6 27. Qb3 Nc8 28. Qb8
Ne7 29. Qxa8 Rxa8 30. Ra3 Nc6 31. Rd1 Nb4 32. Rc1 Kg7 33. Bb3 Nd3 34. Rc7 Bf5
35. Bxd5 Re8 36. Rxf7+ Kh6 37. Rxd3 Bxd3 38. a8=Q Rxa8 39. Bxa8 Bc4 40. d5 g5
41. Rc7 Bxd5 42. Bxd5 Kg6 43. g4 Kh6 44. Rc6+ Kg7 45. Be4 h6 46. Rg6+ Kf7 47.
Rxh6 Kg7 48. Rg6+ Kh7 49. Rxg5+ Kh8 50. Bd5 1-0

[Event "AUTO-ADV-4911"]
[Site "http://www.queenalice.com/game.php?id=1867628"]
[Date "2026.1.7"]
[Round "1"]
[White "MHRangel"]
[Black "mvson33"]
[Result "0-1"]
[WhiteElo "1726"]
[BlackElo "1938"]

1. d4 Nf6 2. c4 d5 3. e3 Bf5 4. Nf3 e6 5. Be2 Be7 6. O-O O-O 7. a3 dxc4 8. Bxc4
Nc6 9. b4 a6 10. Nc3 Bg6 11. Ne5 Nxe5 12. dxe5 Qxd1 13. Rxd1 Rad8 14. Rd4 Rxd4
15. Bf1 Rdd8 16. h3 Nd5 17. Nxd5 Rxd5 18. Bb2 Rfd8 19. Bd4 c5 20. bxc5 Bxc5 21.
Bxc5 Rxc5 22. a4 Rdc8 23. f4 Rc1 24. Ra2 Bd3 25. Rf2 Rxf1+ 26. Rxf1 Bxf1 27.
Kxf1 Rc4 28. g4 Rxa4 29. Ke2 Rc4 30. Kd3 Rc8 31. f5 a5 32. f6 a4 33. fxg7 Kxg7
34. h4 a3 35. h5 a2 0-1

[Event "AUTO-ADV-4911"]
[Site "http://www.queenalice.com/game.php?id=1867629"]
[Date "2026.1.7"]
[Round "1"]
[White "mvson33"]
[Black "MHRangel"]
[Result "1-0"]
[WhiteElo "1925"]
[BlackElo "1727"]

1. e4 c5 2. Nf3 Nc6 3. d4 cxd4 4. Nxd4 Qc7 5. Nf3 Nf6 6. Nc3 e5 7. Bd3 Bc5 8.
O-O O-O 9. Nd5 Nxd5 10. exd5 Ne7 11. Be3 d6 12. c4 Qb6 13. Bxc5 Qxc5 14. Rc1 Bg4
15. Be2 a6 16. Qc2 Bf5 17. Bd3 Bxd3 18. Qxd3 Rab8 19. Ng5 f5 20. Ne6 e4 21. Nxc5
exd3 22. Nd7 b5 23. Nxb8 Rxb8 24. cxb5 Rxb5 25. b3 Rxd5 26. Rcd1 Nc6 27. Rfe1
Kf7 28. Re3 d2 29. Re2 Nb4 30. Rexd2 Ke6 31. a3 Rxd2 32. Rxd2 Nc6 33. f4 a5 34.
Kf2 d5 35. Rc2 Kd6 36. Ke3 d4+ 37. Kd3 Kd5 38. Rc1 h6 39. Rxc6 Kxc6 40. Kxd4 Kd6
41. Kc4 g5 42. Kb5 gxf4 43. Kxa5 Kd5 44. b4 Ke4 45. b5 f3 46. gxf3+ Kxf3 47. b6
f4 48. b7 Kg2 49. b8=Q f3 50. Qg3+ 1-0

[Event "AUTO-ADV-4911"]
[Site "http://www.queenalice.com/game.php?id=1867630"]
[Date "2026.1.7"]
[Round "1"]
[White "MHRangel"]
[Black "Capixaba789"]
[Result "1-0"]
[WhiteElo "1701"]
[BlackElo "1938"]

1. d4 d5 2. c4 dxc4 3. e4 Nf6 4. Nc3 e6 5. Bxc4 Be7 6. Nf3 O-O 7. e5 Nd5 8. O-O
c6 9. a3 b5 10. Bxd5 exd5 11. b3 Be6 12. Ne2 Nd7 13. a4 b4 14. Be3 a5 15. Nc1 f6
16. Nd3 fxe5 17. Nfxe5 Nxe5 18. Nxe5 Rc8 19. Rc1 Bd7 20. Rc2 Be8 21. f4 Bf6 22.
Qc1 Bxe5 23. fxe5 Rxf1+ 24. Qxf1 Bg6 25. Rf2 Be4 26. Qa6 Ra8 27. Qb7 Qe8 28. Rf7
Rb8 29. Rxg7+ Kf8 30. Rf7+ Qxf7 31. Qxb8+ Qe8 32. Qd6+ Kg8 33. Bh6 Bc2 34. Qf6
Qf7 35. Qd8+ 1-0

[Event "AUTO-ADV-4911"]
[Site "http://www.queenalice.com/game.php?id=1867631"]
[Date "2026.1.7"]
[Round "1"]
[White "Capixaba789"]
[Black "MHRangel"]
[Result "1-0"]
[WhiteElo "1960"]
[BlackElo "1722"]

1. d4 g6 2. e4 Bg7 3. c4 c5 4. d5 d6 5. Nf3 Bg4 6. Nc3 Nf6 7. Be2 a6 8. O-O O-O
9. Be3 Nbd7 10. Qe1 Rb8 11. Ng5 Qa5 12. f3 h6 13. fxg4 hxg5 14. Bxg5 Ne5 15. Bd2
Nfxg4 16. Qd1 Nf6 17. a3 Qc7 18. Qe1 a5 19. Nb5 Qd7 20. Bxa5 b6 21. Bc3 Nxe4 22.
Rd1 Nxc3 23. Nxc3 Ng4 24. Qg3 Bxc3 25. Bxg4 Bd4+ 26. Rxd4 e6 27. dxe6 fxe6 28.
Re1 Rbe8 29. Rxd6 Qf7 30. Rdxe6 Rb8 31. Rxg6+ Qxg6 32. Be6+ Kg7 33. Qe5+ Kh6 34.
Qc3 Rbe8 35. Bd5 Rd8 36. Re6 Rg8 37. Rxg6+ Rxg6 38. Qh3+ Kg7 39. Qd3 Rf8 40. h3
Rgf6 41. Qg3+ Kh7 42. Qh4+ Rh6 43. Qe7+ 1-0

[Event "AUTO-ADV-4919"]
[Site "http://www.queenalice.com/game.php?id=1869320"]
[Date "2026.2.15"]
[Round "1"]
[White "MHRangel"]
[Black "game"]
[Result "1-0"]
[WhiteElo "1849"]
[BlackElo "1581"]

1. d4 d5 2. Bg5 Nf6 3. Bxf6 exf6 4. e3 Nc6 5. Bb5 Bd6 6. Nf3 O-O 7. O-O f5 8. c4
Nb4 9. c5 Be7 10. Ne5 c6 11. Ba4 Qc7 12. a3 f6 13. Nf3 Na6 14. b4 f4 15. Qd3 f5
16. Ne5 f3 17. Nxf3 Bf6 18. Nc3 b5 19. cxb6 Qxb6 20. Rab1 Nc7 21. Nd2 Bd8 22.
Nf3 Ba6 23. b5 cxb5 24. Nxb5 Qa5 25. Rb4 Be7 26. Rfb1 Bxb4 27. Rxb4 Rac8 28. Qb3
Rf6 29. Nc3 Bc4 30. Qb2 Rb6 31. Rxb6 axb6 32. Bd7 Rb8 33. Bxf5 Nb5 34. Nxb5 Bxb5
35. Be6+ Kh8 36. Bxd5 Rd8 37. Be4 Rc8 38. g3 Bc6 39. Bxc6 Rxc6 40. Ne5 Qe1+ 41.
Kg2 Rf6 42. Ng4 Rf5 43. Qxb6 h5 44. Qd8+ Kh7 45. Qh4 g6 46. Qe7+ Kg8 47. Nf6+
Rxf6 48. Qxf6 Kh7 49. d5 Qa5 50. d6 Qd5+ 51. Kh3 g5 52. Qe7+ Kh6 53. e4 Qd1 54.
Qf6+ Kh7 55. Qxg5 Qxd6 56. Qxh5+ Kg8 57. e5 Qe6+ 58. Kg2 Qd5+ 59. Qf3 Qxe5 60.
h4 Kg7 61. g4 Kg6 62. Qf5+ Qxf5 63. gxf5+ Kxf5 64. Kg3 1-0

[Event "AUTO-ADV-4919"]
[Site "http://www.queenalice.com/game.php?id=1869321"]
[Date "2026.2.15"]
[Round "1"]
[White "game"]
[Black "MHRangel"]
[Result "0-1"]
[WhiteElo "1557"]
[BlackElo "1845"]

1. e4 c5 2. Nf3 Nc6 3. Bc4 e6 4. d3 d5 5. exd5 exd5 6. Bb3 Nf6 7. O-O Bg4 8.
Nbd2 Bd6 9. Ba4 O-O 10. b3 a6 11. Bxc6 bxc6 12. g3 Re8 13. Bb2 d4 14. Kg2 Qc8
15. Ne4 Bh3+ 16. Kh1 Bxf1 17. Nxd6 Qh3 18. Qxf1 Qxf1+ 19. Rxf1 Re2 20. Ne1 Ng4
21. Nf3 Rxc2 22. Ba3 Nxf2+ 23. Kg1 Nxd3 24. Ng5 Rxa2 25. Rd1 Rxa3 26. Rxd3 Rb8
27. Ndxf7 h6 28. Nxh6+ gxh6 29. Ne6 c4 30. Rf3 Rbxb3 31. Rf8+ Kh7 32. Nxd4 Rb2
33. Rf1 c3 34. Rf7+ Kg6 35. Rf2 Ra1+ 36. Kg2 Rxf2+ 37. Kxf2 c5 38. Nb3 c2 39.
Ke2 c1=Q 40. Nxc1 Rxc1 41. Kf3 a5 42. h4 a4 43. Kf4 a3 44. g4 Rc4+ 45. Kg3 a2
46. h5+ Kg5 47. Kh3 Rc3+ 48. Kg2 Kxg4 49. Kf2 a1=R 50. Ke2 Ra2+ 51. Kd1 Rh3 0-1

[Event "AUTO-ADV-4919"]
[Site "http://www.queenalice.com/game.php?id=1869322"]
[Date "2026.2.15"]
[Round "1"]
[White "MHRangel"]
[Black "mvson33"]
[Result "0-1"]
[WhiteElo "1870"]
[BlackElo "1776"]

1. d4 d5 2. c4 Nf6 3. e3 e6 4. Nf3 dxc4 5. Bxc4 Be7 6. O-O O-O 7. Nbd2 Nc6 8. a3
Bd7 9. Qb3 Rb8 10. Qc2 Na5 11. Bd3 Nc6 12. b4 a6 13. e4 Re8 14. Bb2 Rc8 15. b5
axb5 16. Bxb5 Ra8 17. e5 Nd5 18. a4 Na7 19. Ne4 Nxb5 20. axb5 Rxa1 21. Rxa1 Nb6
22. Qd3 Nd5 23. Nc5 b6 24. Nxd7 Qxd7 25. Rc1 Qc8 26. h3 Nf4 27. Qc4 Nd5 28. Nd2
Qb8 29. Ne4 Qb7 30. Bc3 Nxc3 31. Nxc3 Bg5 32. Rd1 h6 33. Ne4 Qxe4 34. Qxc7 Qe2
35. Rb1 Ra8 36. Qxb6 Ra2 37. d5 Bh4 38. Rf1 Rb2 39. Qd4 exd5 40. b6 Bd8 41. b7
Rxb7 42. Qxd5 Rb8 43. Qd6 Qb5 44. e6 fxe6 45. Qxe6+ Kh8 46. Re1 Bb6 47. Qd6 Bc5
48. Qg6 Qb6 49. Qf5 Rf8 50. Qc2 Bxf2+ 51. Kf1 Bxe1+ 52. Kxe1 Qe6+ 53. Kd1 Rd8+
54. Kc1 Rc8 55. Qxc8+ Qxc8+ 56. Kd2 Qf5 57. Ke2 g5 58. Ke1 Qf4 59. Ke2 Qg3 60.
Kf1 g4 61. hxg4 Qxg4 62. Kf2 h5 63. Kf1 Qg3 64. Kg1 h4 65. Kf1 h3 66. gxh3 Qxh3+
67. Ke2 Qg3 0-1

[Event "AUTO-ADV-4919"]
[Site "http://www.queenalice.com/game.php?id=1869323"]
[Date "2026.2.15"]
[Round "1"]
[White "mvson33"]
[Black "MHRangel"]
[Result "0-1"]
[WhiteElo "1789"]
[BlackElo "1857"]

1. e4 b6 2. Nf3 Ba6 3. Bxa6 Nxa6 4. O-O Nc5 5. Nc3 d6 6. d3 g6 7. Bg5 Bg7 8. Qd2
Nf6 9. Rad1 Ne6 10. Be3 c5 11. Qe2 O-O 12. Ng5 Qc8 13. Nf3 Qb7 14. Rfe1 Nc7 15.
Bd2 e6 16. d4 cxd4 17. Nxd4 Nd7 18. Nf3 a6 19. Be3 Bxc3 20. bxc3 Qxe4 21. Bh6
Qxe2 22. Rxe2 Rfd8 23. Rde1 b5 24. Nd4 Ne5 25. Bf4 Nc4 26. Bg3 Nd5 27. Bh4 Nxc3
28. Bxd8 Nxe2+ 29. Rxe2 Rxd8 30. Nf3 d5 31. h3 d4 32. Ne5 Nxe5 33. Rxe5 d3 34.
cxd3 Rxd3 35. Re2 b4 36. Rb2 a5 37. Kf1 Rd4 38. a3 bxa3 39. Ra2 Rd3 40. Ke2 Rb3
41. Kd1 Rb2 42. Rxb2 axb2 43. Kc2 b1=Q+ 44. Kxb1 f5 45. Kb2 Kf7 46. Ka3 e5 47.
Ka4 f4 48. Kxa5 e4 49. Kb4 Ke6 50. Kc4 Ke5 51. Kc3 h5 52. Kd2 g5 53. Ke2 Kd4 54.
Kd2 g4 55. hxg4 hxg4 56. f3 exf3 57. gxf3 g3 58. Ke2 Kc3 59. Kf1 Kd3 60. Kg2 Ke3
61. Kf1 Kxf3 62. Kg1 Kg4 63. Kg2 f3+ 64. Kg1 Kh4 65. Kf1 Kh3 66. Kg1 g2 67. Kf2
Kh2 68. Kxf3 g1=Q 0-1

[Event "AUTO-ADV-4922"]
[Site "http://www.queenalice.com/game.php?id=1870084"]
[Date "2026.3.5"]
[Round "1"]
[White "MHRangel"]
[Black "maurice916"]
[Result "0-1"]
[WhiteElo "1876"]
[BlackElo "1806"]

1. d4 Nf6 2. c4 c6 3. Nc3 d5 4. e3 Bf5 5. Nf3 h6 6. Be2 e6 7. O-O Nbd7 8. a3
dxc4 9. Bxc4 Be7 10. Re1 O-O 11. Ne5 Qc7 12. e4 Bh7 13. Nf3 Nb6 14. Bb3 Rad8 15.
Ne5 Bd6 16. Bf4 c5 17. Nb5 Qb8 18. Nxd6 Qxd6 19. d5 Rfe8 20. g3 Qf8 21. Qc1 exd5
22. a4 Nxe4 23. Nd3 c4 24. Bxc4 Nxc4 25. Bc7 Rc8 26. Bf4 g5 27. Be3 Nxe3 28.
Qxe3 Bg6 29. Qxa7 Rc7 30. Qb6 Rd7 31. b4 Nxg3 32. Rxe8 Qxe8 33. Nc5 Ne2+ 34. Kf1
Re7 35. Nxb7 Qd7 36. Nc5 Qh3+ 37. Ke1 Nf4+ 38. Kd2 Re2+ 0-1

[Event "AUTO-ADV-4922"]
[Site "http://www.queenalice.com/game.php?id=1870085"]
[Date "2026.3.5"]
[Round "1"]
[White "maurice916"]
[Black "MHRangel"]
[Result "0-1"]
[WhiteElo "1842"]
[BlackElo "1840"]

1. Nf3 g6 2. d4 Bg7 3. c4 Nf6 4. Nc3 O-O 5. e4 d6 6. Be2 Bg4 7. O-O Nbd7 8. b4
Bxf3 9. Bxf3 e5 10. Be3 c5 11. bxc5 dxc5 12. d5 Qa5 13. Bd2 Ne8 14. Qc2 a6 15.
d6 Nxd6 16. Nd5 Qd8 17. Rfe1 Nb6 18. Rab1 Ndxc4 19. Bg5 f6 20. Bh4 g5 21. Bg3
Na3 22. Qb3 Nxb1 23. Qxb1 Nc4 24. Qxb7 Nd2 25. Ne7+ Kh8 26. Nf5 Rg8 27. Rd1
Nxf3+ 28. gxf3 Qxd1+ 29. Kg2 Qd8 30. a4 Qc8 31. Qf7 c4 32. f4 exf4 33. Bxf4 gxf4
34. Kf3 c3 35. Ne7 Qh3+ 36. Kxf4 Bh6# 0-1

[Event "AUTO-ADV-4922"]
[Site "http://www.queenalice.com/game.php?id=1870086"]
[Date "2026.3.5"]
[Round "1"]
[White "MHRangel"]
[Black "WHUSIRO"]
[Result "0-1"]
[WhiteElo "1850"]
[BlackElo "1900"]

1. d4 Nf6 2. c4 e6 3. Nf3 c5 4. d5 d6 5. Nc3 e5 6. e4 Bg4 7. Be2 Be7 8. O-O O-O
9. a3 a6 10. Bg5 h6 11. Bxf6 Bxf6 12. h3 Bh5 13. Nh2 Bxe2 14. Qxe2 Nd7 15. Ng4
Be7 16. Ne3 g6 17. Ng4 Kg7 18. Qe3 Bg5 19. Qf3 f6 20. Rab1 h5 21. Ne3 Bxe3 22.
Qxe3 Nb6 23. b3 Nd7 24. b4 b6 25. b5 a5 26. f4 Qe7 27. Qg3 Kh7 28. h4 exf4 29.
Qd3 Ne5 30. Qe2 Rae8 31. Na4 Qc7 32. Rxf4 Re7 33. Nc3 Ng4 34. Qf3 Ref7 35. Re1
Ne5 36. Qg3 Nxc4 37. Nd1 Ne5 38. Ne3 Nd3 39. Ref1 Nxf4 40. Qf3 Nd3 41. Nf5 Ne5
42. Qf4 gxf5 43. Qxf5+ Kg8 44. g3 Rg7 45. Kh2 Qf7 46. Kh3 Ng4 47. Re1 Nh6 48.
Qf4 Qd7+ 49. Kh2 Kh7 50. a4 Qe7 51. Qf3 Ng4+ 52. Kg2 Qe5 53. Kh3 Re8 54. Re2
Rge7 0-1

[Event "AUTO-ADV-4922"]
[Site "http://www.queenalice.com/game.php?id=1870087"]
[Date "2026.3.5"]
[Round "1"]
[White "WHUSIRO"]
[Black "MHRangel"]
[Result "1-0"]
[WhiteElo "1909"]
[BlackElo "1854"]

1. e4 c5 2. Nf3 Nc6 3. d4 Qa5+ 4. c3 Qc7 5. d5 Nd8 6. Be2 d6 7. h3 g6 8. O-O Bg7
9. Qc2 Nf6 10. Bg5 O-O 11. Nbd2 e6 12. Rfe1 exd5 13. Bxf6 Bxf6 14. exd5 a6 15.
Rad1 c4 16. Bxc4 Bf5 17. Bd3 Bxd3 18. Qxd3 b5 19. Ne4 Nb7 20. Nxf6+ Kg7 21. Qd4
Kh6 22. Qh4+ 1-0